[Event "Veliko Gradiste Silver Lake op"]
[Site "Veliko Gradiste"]
[Date "2019.06.22"]
[Round "8"]
[White "Ristic, Luka"]
[Black "Kucumenler, Tarkan"]
[Result "1/2-1/2"]
[WhiteElo "2147"]
[BlackElo "2024"]
[PlyCount "67"]
[EventDate "2019.06.16"]
[EventType "swiss"]
[EventRounds "9"]
[EventCountry "SRB"]
[SourceTitle "CBM 191 Extra"]
[Source "ChessBase"]
[SourceDate "2019.09.30"]
[SourceVersion "1"]
[SourceVersionDate "2019.09.30"]
[SourceQuality "1"]

1. e4 c5 2. Nf3 d6 3. d4 cxd4 4. Nxd4 Nf6 5. Nc3 a6 6. f3 e5 7. Nb3 Be6 8. Nd5 Nbd7 9. Be3 Bxd5 10. exd5 h5 11. Qd2 g6 12. c4 b6 13. Bd3 Bg7 14. 0-0-0 e4 15. Be2 exf3 16. gxf3 0-0 17. Nd4 Re8 18. Bh6 Qe7 19. Bg5 Qf8 20. Bf1 Ne5 21. Kb1 Rac8 22. Rc1 Kh7 23. Be2 Bh6 24. h4 Nfd7 25. Bd3 Nc5 26. Bf1 Ned7 27. Bh3 Rc7 28. Rhg1 Bg7 29. Nc6 Ne5 30. Nxe5 Rxe5 31. Bf4 Bh6 32. Bg5 Rce7 33. Qb4 Bxg5 34. hxg5 1/2-1/2

[Event "Veliko Gradiste Silver Lake op"]
[Site "Veliko Gradiste"]
[Date "2019.06.19"]
[Round "5"]
[White "Kucumenler, Tarkan"]
[Black "Gandhi, Anish"]
[Result "0-1"]
[WhiteElo "2024"]
[BlackElo "2185"]
[PlyCount "30"]
[EventDate "2019.06.16"]
[EventType "swiss"]
[EventRounds "9"]
[EventCountry "SRB"]
[SourceTitle "CBM 191 Extra"]
[Source "ChessBase"]
[SourceDate "2019.09.30"]
[SourceVersion "1"]
[SourceVersionDate "2019.09.30"]
[SourceQuality "1"]

1. e4 c5 2. Nf3 d6 3. Bb5+ Nd7 4. d4 cxd4 5. Qxd4 a6 6. Bxd7+ Bxd7 7. c4 e5 8. Qd3 h6 9. Nc3 Nf6 10. 0-0 Be7 11. b3 Be6 12. a4 0-0 13. Ba3 Qb6 14. Qc2 Rfe8 15. a5 Qc7 0-1

[Event "TUR-chT 2nd League"]
[Site "Konya"]
[Date "2018.07.18"]
[Round "4.5"]
[White "Kucumenler, Tarkan"]
[Black "Sipahioglu, Irmak"]
[Result "1/2-1/2"]
[WhiteElo "2026"]
[BlackElo "2062"]
[PlyCount "61"]
[EventDate "2018.07.16"]
[EventType "team-swiss"]
[EventRounds "9"]
[EventCountry "TUR"]
[SourceTitle "EXT 2019"]
[Source "ChessBase"]
[SourceDate "2018.10.10"]
[SourceVersion "1"]
[SourceVersionDate "2018.10.10"]
[SourceQuality "1"]
[WhiteTeam "Kocaeli Buyuksehir Belediyesi"]
[BlackTeam "Mugla Ortaca Belediye"]
[WhiteTeamCountry "TUR"]
[BlackTeamCountry "TUR"]

1. e4 e6 2. d4 d5 3. Nd2 Nf6 4. e5 Nfd7 5. Bd3 c5 6. c3 Nc6 7. Ne2 cxd4 8. cxd4 f6 9. exf6 Qxf6 10. Nf3 h6 11. 0-0 Bd6 12. Ng3 0-0 13. Bc2 Rd8 14. Re1 Nf8 15. Ne5 Qh4 16. f4 Bd7 17. Be3 Rac8 18. a3 Be8 19. Rf1 Bc7 20. Qd2 Bb6 21. Rac1 Rc7 22. Nf3 Qe7 23. f5 Na5 24. Ne5 Nc4 25. Nxc4 dxc4 26. fxe6 Nxe6 27. Nf5 Qd7 28. Qf2 Qd5 29. Rcd1 Bc6 30. Rd2 Rf8 31. Qg3 1/2-1/2

[Event "TUR-chT 2nd League"]
[Site "Konya"]
[Date "2018.07.16"]
[Round "1.13"]
[White "Kabuk, Erdem"]
[Black "Kucumenler, Tarkan"]
[Result "0-1"]
[WhiteElo "1775"]
[BlackElo "2026"]
[PlyCount "66"]
[EventDate "2018.07.16"]
[EventType "team-swiss"]
[EventRounds "9"]
[EventCountry "TUR"]
[SourceTitle "EXT 2019"]
[Source "ChessBase"]
[SourceDate "2018.10.10"]
[SourceVersion "1"]
[SourceVersionDate "2018.10.10"]
[SourceQuality "1"]
[WhiteTeam "Genc Efe Izcilik"]
[BlackTeam "Kocaeli Buyuksehir Belediyesi"]
[WhiteTeamCountry "TUR"]
[BlackTeamCountry "TUR"]

1. e4 c5 2. Nf3 d6 3. c3 Nf6 4. Be2 g6 5. 0-0 Bg7 6. d3 0-0 7. Nbd2 Qc7 8. d4 Nfd7 9. d5 Nf6 10. Re1 e6 11. c4 exd5 12. exd5 b5 13. cxb5 Bb7 14. Bc4 Nbd7 15. Rb1 Nb6 16. Bf1 Nbxd5 17. Nc4 a6 18. bxa6 Bxa6 19. a3 h6 20. Bd2 Bb7 21. b4 cxb4 22. axb4 Rfe8 23. Rxe8+ Rxe8 24. Na5 Ba8 25. Qc1 Qa7 26. Be1 Ne4 27. Bb5 Ndc3 28. Bxc3 Nxc3 29. Qf1 Rb8 30. Ra1 Nxb5 31. Nc6 Qxa1 32. Nxb8 Qxf1+ 33. Kxf1 Bc3 0-1

[Event "Paracin Summer op-A 10th"]
[Site "Paracin"]
[Date "2017.07.12"]
[Round "7.50"]
[White "Kucumenler, Tarkan"]
[Black "Banovic, Ivan"]
[Result "1-0"]
[WhiteElo "2004"]
[BlackElo "2208"]
[PlyCount "91"]
[EventDate "2017.07.07"]
[EventType "swiss"]
[EventRounds "9"]
[EventCountry "SRB"]
[SourceTitle "EXT 2018"]
[Source "ChessBase"]
[SourceDate "2017.10.13"]
[SourceVersion "1"]
[SourceVersionDate "2017.10.13"]
[SourceQuality "1"]

1. d4 Nf6 2. c4 c5 3. d5 b5 4. Qc2 bxc4 5. e4 d6 6. Bxc4 g6 7. Nf3 Bg4 8. Nfd2 Bg7 9. 0-0 0-0 10. Nc3 Bc8 11. Rb1 Ba6 12. b3 Qa5 13. Bb2 Nfd7 14. Nd1 Bxb2 15. Nxb2 Nb6 16. f4 N8d7 17. Nd3 Nxc4 18. bxc4 Rab8 19. Rb3 Nb6 20. e5 Qa4 21. Rc1 f5 22. Qc3 Qd7 23. Ra3 Bc8 24. e6 Qb7 25. Rb1 Qc7 26. h3 Rf6 27. Re1 Qb7 28. Kh2 Ra8 29. Rb3 Qc7 30. Nf1 Ba6 31. Ne3 Qc8 32. g4 Bxc4 33. Nxc4 Nxd5 34. Qd2 fxg4 35. hxg4 Rxe6 36. Kg3 Nf6 37. f5 Ne4+ 38. Rxe4 Rxe4 39. Nf4 Rd4 40. Qe2 gxf5 41. Qxe7 Qe8 42. Qg5+ Kh8 43. Qf6+ Kg8 44. Rb7 Qf8 45. Qg5+ Kh8 46. Ng6+ 1-0

[Event "Nis op"]
[Site "Nis"]
[Date "2017.06.28"]
[Round "2"]
[White "Livaja, Mario"]
[Black "Kucumenler, Tarkan"]
[Result "1/2-1/2"]
[WhiteElo "2254"]
[BlackElo "2004"]
[PlyCount "146"]
[EventDate "2017.06.27"]
[EventType "swiss"]
[EventRounds "9"]
[EventCountry "YUG"]
[SourceTitle "CBM 179 Extra"]
[Source "ChessBase"]
[SourceDate "2017.08.23"]
[SourceVersion "1"]
[SourceVersionDate "2017.08.23"]
[SourceQuality "1"]

1. d4 Nf6 2. Bg5 d5 3. Nc3 c5 4. e3 cxd4 5. exd4 a6 6. Bd3 Nc6 7. Nge2 Nb4 8. Nf4 Nxd3+ 9. Qxd3 Ne4 10. Bh4 Nxc3 11. Qxc3 Qd6 12. Bg3 Qc6 13. Qb3 e6 14. 0-0 Be7 15. Rfe1 Bd7 16. Re3 Qb5 17. Rae1 Qxb3 18. axb3 Bg5 19. Nxd5 Bxe3 20. Nc7+ Ke7 21. Rxe3 Rac8 22. d5 h6 23. c4 Rhd8 24. h4 Be8 25. dxe6 Rd1+ 26. Kh2 fxe6 27. Nxe6 Kf7 28. Nf4 Bc6 29. Nd3 Re8 30. Ne5+ Kg8 31. b4 Rd2 32. b3 Re6 33. Rc3 Re2 34. Nd3 Ra2 35. Nf4 Re7 36. Rd3 Rd7 37. Re3 Kf7 38. Nd3 Re7 39. Ne5+ Kg8 40. Rd3 Re2 41. Ng6 Rd7 42. Rc3 Be4 43. Nf4 Rc2 44. Re3 Bf5 45. Nd5 Bg6 46. Nf4 Bf7 47. Nd3 Rc3 48. Nc5 Rxe3 49. fxe3 Re7 50. e4 b5 51. Bd6 Re8 52. cxb5 axb5 53. Kg3 Be6 54. Kf4 Kf7 55. g4 Ra8 56. g5 hxg5+ 57. hxg5 Bh3 58. Ke5 Ra1 59. Nd3 Rg1 60. Nf2 Be6 61. Kf4 Bxb3 62. Nd3 Be6 63. Ne5+ Ke8 64. Bc5 Rg2 65. Bd4 Bb3 66. Nf3 Kf7 67. Nh4 Rh2 68. g6+ Kg8 69. Nf5 Rg2 70. Nxg7 Rxg6 71. Nf5 Kf7 72. Bc5 Rf6 73. Ke5 Rxf5+ 1/2-1/2

[Event "TUR-chT2"]
[Site "Konya"]
[Date "2016.07.18"]
[Round "3.8"]
[White "Kiremitciyan, Ari"]
[Black "Kucumenler, Tarkan"]
[Result "1-0"]
[WhiteElo "2071"]
[BlackElo "2029"]
[PlyCount "61"]
[EventDate "2016.07.17"]
[EventType "team-swiss"]
[EventRounds "9"]
[EventCountry "TUR"]
[SourceTitle "CBM 173 Extra"]
[Source "ChessBase"]
[SourceDate "2016.08.29"]
[SourceVersion "1"]
[SourceVersionDate "2016.08.29"]
[SourceQuality "1"]
[WhiteTeam "Aydin Egitim Merkezi"]
[BlackTeam "Mersin Ezgi"]
[WhiteTeamCountry "TUR"]
[BlackTeamCountry "TUR"]

1. Nf3 c5 2. c4 Nc6 3. d4 cxd4 4. Nxd4 e6 5. g3 Qb6 6. Nc2 Ne5 7. Ne3 Nxc4 8. Nxc4 Qc6 9. Qd4 b5 10. e4 bxc4 11. Qxc4 Bb7 12. Qxc6 Bxc6 13. Nc3 Nf6 14. f3 Rb8 15. b3 Bc5 16. Bf4 Rb7 17. Rc1 Ba3 18. Rc2 Ke7 19. Be3 a5 20. Ba6 Rbb8 21. Kf2 h6 22. Rd1 g5 23. h3 Bd6 24. Bd4 Bc7 25. Bc5+ d6 26. Ba3 Rb6 27. Bf1 Nd7 28. Na4 Bxa4 29. Rxc7 Bb5 30. Bxb5 Rxb5 31. Rxd6 1-0

[Event "TUR-chT2"]
[Site "Konya"]
[Date "2016.07.18"]
[Round "2.10"]
[White "Kucumenler, Tarkan"]
[Black "Avci, Adem"]
[Result "1-0"]
[WhiteElo "2029"]
[BlackElo "1844"]
[PlyCount "99"]
[EventDate "2016.07.17"]
[EventType "team-swiss"]
[EventRounds "9"]
[EventCountry "TUR"]
[SourceTitle "CBM 173 Extra"]
[Source "ChessBase"]
[SourceDate "2016.08.29"]
[SourceVersion "1"]
[SourceVersionDate "2016.08.29"]
[SourceQuality "1"]
[WhiteTeam "Mersin Ezgi"]
[BlackTeam "Antalya Deniz Genclik"]
[WhiteTeamCountry "TUR"]
[BlackTeamCountry "TUR"]

1. d4 d5 2. c4 e6 3. Nc3 Nf6 4. Nf3 Nbd7 5. Bf4 c6 6. e3 Be7 7. h3 0-0 8. a3 Re8 9. Rc1 Nf8 10. c5 Ng6 11. Bh2 Nd7 12. Be2 f5 13. 0-0 Bf6 14. Bd3 Ndf8 15. Qc2 Qd7 16. Ne5 Nxe5 17. dxe5 Bd8 18. Ne2 Qf7 19. b4 g5 20. a4 Qh5 21. b5 Ng6 22. Nd4 Bd7 23. Rb1 Bc7 24. f4 Rab8 25. bxc6 bxc6 26. Ba6 g4 27. hxg4 Qxg4 28. Bb7 Ne7 29. Qd2 h5 30. a5 h4 31. Rf3 Kf7 32. a6 Rg8 33. Kh1 Ba5 34. Qf2 Rh8 35. Rh3 Rh7 36. Nf3 Rbh8 37. Ng5+ Kg6 38. Nxh7 Rxh7 39. Rf3 Ng8 40. Rh3 Bd8 41. Qf3 Nh6 42. Bg1 Kf7 43. Bf2 Ng8 44. Ba8 Rh8 45. Rb7 Qxf3 46. Rxd7+ Ke8 47. Rxd8+ Kxd8 48. gxf3 Ke7 49. Rxh4 Rxh4+ 50. Bxh4+ 1-0

[Event "Gebze op 5th"]
[Site "Kocaeli"]
[Date "2014.09.24"]
[Round "7"]
[White "Kucumenler, Tarkan"]
[Black "Kamer, Kayra"]
[Result "1-0"]
[WhiteElo "2095"]
[BlackElo "1788"]
[PlyCount "141"]
[EventDate "2014.09.20"]
[EventType "swiss"]
[EventRounds "9"]
[EventCountry "TUR"]
[SourceTitle "CBM 162 Extra"]
[Source "ChessBase"]
[SourceDate "2014.10.17"]
[SourceVersion "1"]
[SourceVersionDate "2014.10.17"]
[SourceQuality "1"]

1. d4 Nf6 2. c4 g6 3. Nc3 Bg7 4. e4 d6 5. f3 Nbd7 6. Be3 0-0 7. Qd2 c5 8. Nge2 a6 9. dxc5 dxc5 10. Nf4 Qa5 11. Be2 Rd8 12. Rd1 Re8 13. 0-0 e6 14. Nd3 Qc7 15. f4 Kh8 16. e5 Ng8 17. Ne4 Bf8 18. Ndf2 f6 19. Nd6 Bxd6 20. Qxd6 Qxd6 21. Rxd6 fxe5 22. fxe5 Nxe5 23. Bxc5 Nf7 24. Rb6 Ngh6 25. Bf3 Rb8 26. Rd1 Kg8 27. Ne4 Rd8 28. Rxd8+ Nxd8 29. Bd6 Ra8 30. Nc5 Nhf7 31. Bc7 Ra7 32. Bg4 Nc6 33. Bxe6 Bxe6 34. Nxe6 Nfe5 35. Bxe5 Nxe5 36. b3 Nd7 37. Rd6 b6 38. a4 Kf7 39. Rc6 Ke7 40. Nf4 Rb7 41. b4 a5 42. b5 Kd8 43. Nd5 Rb8 44. Rd6 Ke8 45. Kf2 Rc8 46. Rxd7 Rxc4 47. Nxb6 Rc2+ 48. Kf3 Rc3+ 49. Kf4 Rc2 50. Kg3 Rc3+ 51. Kh4 Rc2 52. Kh3 h5 53. Rg7 Rc3+ 54. g3 h4 55. Kxh4 Rc2 56. Kh3 Kf8 57. Rxg6 Rc3 58. Rc6 Ra3 59. Rc8+ Kg7 60. Ra8 Kh6 61. Rxa5 Rb3 62. Ra6 Kh5 63. Ra8 Rb4 64. Rh8+ Kg5 65. Rh4 Rb3 66. Rd4 Kh5 67. Nd5 Kg6 68. Rb4 Rf3 69. Nf4+ Kg5 70. b6 Rxf4 71. Rb5+ 1-0

[Event "Gebze op"]
[Site "Gebze"]
[Date "2013.10.03"]
[Round "2"]
[White "Demirbas, Fatih"]
[Black "Kucumenler, Tarkan"]
[Result "1/2-1/2"]
[WhiteElo "1816"]
[BlackElo "2105"]
[PlyCount "50"]
[EventDate "2013.10.03"]
[EventType "swiss"]
[EventRounds "7"]
[EventCountry "TUR"]
[SourceTitle "CBM 157 Extra"]
[Source "ChessBase"]
[SourceDate "2013.12.19"]
[SourceVersion "1"]
[SourceVersionDate "2013.12.19"]
[SourceQuality "1"]

1. e4 c5 2. c3 d6 3. d4 Nf6 4. Bd3 g6 5. Ne2 Bg7 6. dxc5 dxc5 7. Be3 Qc7 8. Na3 a6 9. Nc4 b5 10. Bf4 Qb7 11. Na5 Qb6 12. b4 Nbd7 13. 0-0 0-0 14. e5 Nh5 15. Be4 Ra7 16. Nc6 Nxf4 17. Nxf4 e6 18. Nxa7 Qxa7 19. Rc1 Bh6 20. Qg4 Nxe5 21. Qh4 Bg7 22. Rfd1 Qc7 23. Nd3 Nxd3 24. Bxd3 e5 25. Be4 Be6 1/2-1/2

[Event "TUR-chT"]
[Site "Konya"]
[Date "2012.07.13"]
[Round "3"]
[White "Kucumenler, Tarkan"]
[Black "Apaydin, Fethi"]
[Result "0-1"]
[WhiteElo "2073"]
[BlackElo "2203"]
[PlyCount "54"]
[EventDate "2012.07.11"]
[EventType "team-tourn"]
[EventRounds "13"]
[EventCountry "TUR"]
[SourceTitle "CBM 149 Extra"]
[Source "ChessBase"]
[SourceDate "2012.08.24"]
[SourceVersion "1"]
[SourceVersionDate "2012.08.24"]
[SourceQuality "1"]
[WhiteTeam "Mersin Ezgi"]
[BlackTeam "Besiktas Jimnastik"]
[WhiteTeamCountry "TUR"]
[BlackTeamCountry "TUR"]

1. d4 Nf6 2. c4 g6 3. Nc3 Bg7 4. e4 d6 5. f3 0-0 6. Nge2 c5 7. Be3 Nc6 8. Qd2 Qa5 9. Rc1 a6 10. d5 Ne5 11. Ng3 h5 12. Be2 h4 13. Nf1 b5 14. b3 bxc4 15. bxc4 Qb4 16. Nd1 a5 17. h3 e6 18. Bg5 exd5 19. cxd5 Nh5 20. Be7 Re8 21. Bxd6 Nf4 22. Qxb4 axb4 23. Bxe5 Bxe5 24. Bc4 Ba6 25. Bxa6 Rxa6 26. Nfe3 Nd3+ 27. Kd2 Nxc1 0-1

[Event "TUR-chT"]
[Site "Konya"]
[Date "2012.07.12"]
[Round "2"]
[White "Sirin, Atakan"]
[Black "Kucumenler, Tarkan"]
[Result "0-1"]
[WhiteElo "2255"]
[BlackElo "2073"]
[PlyCount "92"]
[EventDate "2012.07.11"]
[EventType "team-tourn"]
[EventRounds "13"]
[EventCountry "TUR"]
[SourceTitle "CBM 149 Extra"]
[Source "ChessBase"]
[SourceDate "2012.08.24"]
[SourceVersion "1"]
[SourceVersionDate "2012.08.24"]
[SourceQuality "1"]
[WhiteTeam "Manisa TS Alyans"]
[BlackTeam "Mersin Ezgi"]
[WhiteTeamCountry "TUR"]
[BlackTeamCountry "TUR"]

1. c4 Nf6 2. Nf3 g6 3. b4 Bg7 4. Bb2 0-0 5. e3 c6 6. Be2 d5 7. cxd5 cxd5 8. 0-0 a6 9. Nc3 Nc6 10. b5 axb5 11. Nxb5 Re8 12. d4 Ne4 13. a4 Bd7 14. Qb3 Bg4 15. Rfc1 Na5 16. Qd1 Nc6 17. h3 Be6 18. Nd2 Nxd2 19. Qxd2 Qd7 20. Nc3 Rec8 21. Bb5 Qd8 22. Ne2 f6 23. Nf4 Bf7 24. Bc3 e5 25. Nd3 exd4 26. exd4 Qf8 27. Bb2 Bh6 28. f4 Na5 29. Rxc8 Qxc8 30. Rc1 Qf5 31. g4 Qe6 32. Re1 Qd6 33. Bc3 Nc4 34. Qc1 Rc8 35. Kf2 b6 36. Kf3 Qd8 37. Kf2 Nd6 38. Qb2 Ne4+ 39. Rxe4 dxe4 40. Nb4 Bxf4 41. d5 Bg5 42. Bc6 Qd6 43. Kg2 Bh4 44. Bd4 Qg3+ 45. Kf1 Qf3+ 46. Kg1 e3 0-1

[Event "TUR-chT"]
[Site "Konya"]
[Date "2011.07.06"]
[Round "10"]
[White "Sirin, Atakan"]
[Black "Kucumenler, Tarkan"]
[Result "0-1"]
[WhiteElo "2230"]
[BlackElo "2076"]
[PlyCount "156"]
[EventDate "2011.06.28"]
[EventType "team-swiss"]
[EventRounds "13"]
[EventCountry "TUR"]
[SourceTitle "CBM 143 Extra"]
[Source "ChessBase"]
[SourceDate "2011.08.29"]
[SourceVersion "1"]
[SourceVersionDate "2011.08.29"]
[SourceQuality "1"]
[WhiteTeam "Manisa Doruk Koleji"]
[BlackTeam "Mersin Ezgi"]
[WhiteTeamCountry "TUR"]
[BlackTeamCountry "TUR"]

1. c4 c6 2. Nf3 Nf6 3. g3 d5 4. Bg2 dxc4 5. 0-0 Qd5 6. a4 h6 7. a5 Na6 8. Nc3 Qd6 9. b3 cxb3 10. Qxb3 Nc5 11. Qc2 e5 12. Ba3 Qc7 13. d4 exd4 14. Nxd4 Bd7 15. Rfd1 Rd8 16. Qc1 Be7 17. Qe3 Ng4 18. Qc1 0-0 19. h3 Nf6 20. e4 Bc8 21. Qb1 Qe5 22. f4 Qh5 23. e5 Nd5 24. Nxd5 cxd5 25. g4 Qh4 26. a6 b6 27. Nc6 Rd7 28. Rxd5 Rxd5 29. Bxd5 Bxa6 30. Qe1 Qxe1+ 31. Rxe1 Bh4 32. Ra1 Bb7 33. Bg2 Bxc6 34. Bxc6 Rc8 35. Bg2 Nd3 36. Bd6 Nxf4 37. Bf1 a5 38. Rb1 Rc2 39. Kh1 Bf2 40. Rd1 g5 41. Be7 Rc8 42. Bf6 Ne6 43. Bb5 Bd4 44. Bd7 Rc4 45. Bb5 Rc5 46. Be8 Kf8 47. Bd7 Bxe5 48. Bxe6 fxe6 49. Bd8 Bc7 50. Bf6 e5 51. Rf1 Ke8 52. Bg7 Rc6 53. Rf8+ Kd7 54. Kg2 b5 55. Kf3 b4 56. Ke4 b3 57. Rf7+ Kc8 58. Rf2 a4 59. Bf8 Kb7 60. Ba3 Bd6 61. Rf7+ Kb6 62. Bb2 a3 63. Rf3 axb2 64. Rxb3+ Kc7 65. Rxb2 Rc3 66. Rh2 Rg3 67. Kf5 Kd7 68. h4 Rf3+ 69. Kg6 e4 70. Rh1 gxh4 71. Kxh6 h3 72. g5 Bf4 73. Kh5 Ke6 74. g6 Rg3 75. Rf1 Kf5 76. Kh4 h2 77. g7 h1Q+ 78. Rxh1 Rxg7 0-1

[Event "TUR-chT"]
[Site "Konya"]
[Date "2010.07.05"]
[Round "9"]
[White "Kucumenler, Tarkan"]
[Black "Erdogdu, Mert"]
[Result "0-1"]
[WhiteElo "2111"]
[BlackElo "2458"]
[PlyCount "123"]
[EventDate "2010.06.29"]
[EventType "team-tourn"]
[EventRounds "13"]
[EventCountry "TUR"]
[SourceTitle "CBM 137 Extra"]
[Source "ChessBase"]
[SourceDate "2010.09.01"]
[SourceVersion "1"]
[SourceVersionDate "2010.09.01"]
[SourceQuality "1"]

1. d4 Nf6 2. c4 g6 3. Nc3 Bg7 4. e4 d6 5. Nf3 0-0 6. h3 e5 7. dxe5 dxe5 8. Be3 Nbd7 9. c5 Qe7 10. b4 a5 11. a3 Rd8 12. Qc1 c6 13. Bc4 b6 14. Ng5 Rf8 15. 0-0 bxc5 16. bxa5 Rxa5 17. Qb2 Ne8 18. Rfd1 Nd6 19. Be2 h6 20. Nf3 Ra8 21. Qd2 Nb7 22. Bxh6 Na5 23. Rab1 Re8 24. Bxg7 Kxg7 25. Qd6 Nf6 26. Qxe7 Rxe7 27. Rb6 Nd7 28. Rb2 c4 29. Nd2 Ba6 30. Rb4 Nc5 31. Nxc4 Nab3 32. Nb6 Bxe2 33. Nxe2 Rxa3 34. Nc4 Ra2 35. Ng3 Kf6 36. Rb6 Nd4 37. Ne3 Kg7 38. Nc4 Ra4 39. Ne3 Rea7 40. Rc1 Nd3 41. Rd1 Ra1 42. Rbb1 Rxb1 43. Rxb1 Kf6 44. Rd1 Ra3 45. Nc4 Rc3 46. Ne3 Ke6 47. Ra1 f5 48. exf5+ gxf5 49. Nef1 Rc2 50. Ne3 Rxf2 51. Rd1 f4 52. Rxd3 fxg3 53. Rd1 Ne2+ 54. Kh1 Nf4 55. Rc1 c5 56. Re1 Ne2 57. Ra1 e4 58. Ra6+ Ke5 59. Ra1 Kd4 60. Ng4 e3 61. Rd1+ Ke4 62. Re1 0-1

[Event "TUR-chT"]
[Site "Konya"]
[Date "2010.06.30"]
[Round "2"]
[White "Koc, Omer Tarik"]
[Black "Kucumenler, Tarkan"]
[Result "1/2-1/2"]
[WhiteElo "1851"]
[BlackElo "2111"]
[PlyCount "70"]
[EventDate "2010.06.29"]
[EventType "team-tourn"]
[EventRounds "13"]
[EventCountry "TUR"]
[SourceTitle "CBM 137 Extra"]
[Source "ChessBase"]
[SourceDate "2010.09.01"]
[SourceVersion "1"]
[SourceVersionDate "2010.09.01"]
[SourceQuality "1"]

1. e4 c5 2. c3 Qa5 3. Nf3 Nc6 4. Na3 a6 5. Nc4 Qc7 6. d4 cxd4 7. cxd4 b5 8. Ne3 e6 9. Bd3 Bb7 10. 0-0 Nge7 11. a4 bxa4 12. Rxa4 Ng6 13. g3 Nb4 14. Bb1 Be7 15. Bd2 a5 16. h4 0-0 17. h5 Nh8 18. Ng4 f6 19. Nh4 Nf7 20. f4 Bc6 21. Ra1 Qb7 22. Re1 f5 23. Nf2 Bxh4 24. gxh4 fxe4 25. Nxe4 Qb6 26. Be3 Nd5 27. Ng5 Nxg5 28. fxg5 Nxe3 29. Rxe3 Qxb2 30. Ra2 Qb5 31. Re5 Qb4 32. Qd3 Rf5 33. Rf2 Rb8 34. Bc2 Rbf8 35. Rfxf5 exf5 1/2-1/2

[Event "Internet Section 11B g/8'+2\""]
[Site "Dos Hermanas"]
[Date "2004.03.11"]
[Round "4"]
[White "Kucumenler, Tarkan"]
[Black "Sevillano, Enrico"]
[Result "0-1"]
[WhiteElo "2106"]
[BlackElo "2498"]
[PlyCount "72"]
[EventDate "2004.03.11"]
[EventType "swiss (blitz)"]
[EventRounds "9"]
[EventCountry "ESP"]
[SourceTitle "EXT 2005"]
[Source "ChessBase"]
[SourceDate "2004.11.15"]
[SourceVersion "1"]
[SourceVersionDate "2004.11.15"]
[SourceQuality "1"]

1. e4 c5 2. Nf3 Nc6 3. Bb5 e5 4. Bxc6 bxc6 5. b3 d6 6. Bb2 g5 7. h3 h5 8. d3 Bh6 9. Nfd2 g4 10. Nc3 Ne7 11. Qe2 Ng6 12. g3 gxh3 13. 0-0-0 h4 14. Kb1 Bxd2 15. Qxd2 Qf6 16. Qe2 hxg3 17. fxg3 Qg5 18. Qf2 Be6 19. Ne2 Ke7 20. c3 a5 21. d4 cxd4 22. cxd4 a4 23. dxe5 Nxe5 24. Qb6 Rhd8 25. Nd4 axb3 26. Nxc6+ Nxc6 27. Qxc6 Rxa2 28. Rhf1 Qa5 29. Qc3 Qxc3 30. Bxc3 Rg8 31. Bf6+ Kd7 32. Be5 Ra6 33. Bf4 Rga8 34. Kb2 Ra2+ 35. Kc3 Rc2+ 36. Kb4 Rb8+ 0-1

[Event "Internet Section 11B g/8'+2\""]
[Site "Dos Hermanas"]
[Date "2004.03.11"]
[Round "7"]
[White "Murthy, Pappu LN"]
[Black "Kucumenler, Tarkan"]
[Result "1/2-1/2"]
[WhiteElo "2128"]
[BlackElo "2106"]
[PlyCount "201"]
[EventDate "2004.03.11"]
[EventType "swiss (blitz)"]
[EventRounds "9"]
[EventCountry "ESP"]
[SourceTitle "EXT 2005"]
[Source "ChessBase"]
[SourceDate "2004.11.15"]
[SourceVersion "1"]
[SourceVersionDate "2004.11.15"]
[SourceQuality "1"]

1. d4 d5 2. c4 c6 3. Nc3 Nf6 4. cxd5 cxd5 5. Bf4 a6 6. Nf3 Nc6 7. Ne5 Bd7 8. Nxc6 Bxc6 9. e3 e6 10. Bd3 Be7 11. 0-0 0-0 12. Be5 Qd7 13. Rc1 Rac8 14. Bb1 g6 15. h4 b5 16. Bxf6 Bxf6 17. h5 b4 18. Ne2 Bb5 19. Re1 Rxc1 20. Nxc1 Rc8 21. Nd3 Be7 22. hxg6 hxg6 23. Ne5 Qe8 24. Qg4 Kg7 25. f4 Bf6 26. Qg3 a5 27. Kf2 Bxe5 28. fxe5 Qe7 29. Rh1 Rh8 30. Rxh8 Kxh8 31. Qf4 Kg7 32. g4 Qh4+ 33. Qg3 Qh1 34. Qg1 Qh4+ 35. Qg3 Qg5 36. Qf4 Qh4+ 37. Qg3 Qh6 38. Bc2 g5 39. Kg2 Bc4 40. a3 b3 41. Bb1 Qh8 42. Qf2 Qd8 43. Kg3 a4 44. Qh2 Qh8 45. Qxh8+ Kxh8 46. e4 Kg7 47. exd5 exd5 48. Bf5 Bb5 49. Kf3 f6 50. Ke3 Kf7 51. Bc8 Ke7 52. Bb7 Bd7 53. exf6+ Kxf6 54. Kf3 Ke6 55. Ba6 Kd6 56. Bd3 Kc6 57. Be2 Bc8 58. Ke3 Kb6 59. Kd2 Bd7 60. Kc3 Ka5 61. Bd1 Bc8 62. Bf3 Be6 63. Kd3 Kb5 64. Kd2 Kc4 65. Ke3 Kb5 66. Bd1 Bf7 67. Be2+ Kb6 68. Bd3 Be8 69. Bf5 Bf7 70. Kd3 Ka5 71. Kc3 Bg8 72. Bd7 Bf7 73. Kd3 Bg8 74. Ke3 Bf7 75. Kf3 Bg8 76. Bf5 Bf7 77. Bd3 Be6 78. Be2 Bd7 79. Ke3 Be6 80. Kd2 Bc8 81. Kc3 Be6 82. Bd1 Bf7 83. Bf3 Be6 84. Bg2 Bf7 85. Bf3 Be6 86. Bd1 Bf7 87. Kd2 Be6 88. Ke3 Bf7 89. Kf2 Be6 90. Kg3 Bf7 91. Be2 Bg8 92. Bd3 Bf7 93. Bf5 Bg8 94. Kf3 Bf7 95. Ke3 Bg8 96. Bd7 Bf7 97. Kd3 Bg8 98. Kc3 Bf7 99. Bf5 Bg8 100. Kd3 Bf7 101. Ke3 1/2-1/2

[Event "TUR-ch"]
[Site "Ankara"]
[Date "2002.07.28"]
[Round "8"]
[White "Kucumenler, Tarkan"]
[Black "Duman, Aydin"]
[Result "1-0"]
[WhiteElo "2077"]
[BlackElo "2155"]
[PlyCount "67"]
[EventDate "2002.07.24"]
[EventType "swiss"]
[EventRounds "11"]
[EventCountry "TUR"]
[SourceTitle "CBM 089 Extra"]
[Source "ChessBase"]
[SourceDate "2002.09.10"]
[SourceVersion "2"]
[SourceVersionDate "2002.09.10"]
[SourceQuality "1"]

1. d4 Nf6 2. c4 g6 3. Nc3 Bg7 4. e4 0-0 5. Be3 d6 6. f3 e5 7. Nge2 c6 8. Qd2 Nbd7 9. 0-0-0 a6 10. Kb1 b5 11. c5 b4 12. Na4 Qa5 13. Qc2 exd4 14. Nxd4 dxc5 15. Nxc6 Qc7 16. Nxb4 Rb8 17. Nd3 c4 18. Bf4 Qa5 19. Qxc4 Nb6 20. Nxb6 Be6 21. Qa4 Qxb6 22. Bxb8 Rxb8 23. Qb4 Bxa2+ 24. Kxa2 Qe6+ 25. b3 Rxb4 26. Nxb4 Qb6 27. Nc2 Qa5+ 28. Kb1 Ne8 29. Rd3 h5 30. f4 Bc3 31. Be2 Nc7 32. Rhd1 Nb5 33. Rd8+ Kg7 34. Rc1 1-0

[Event "TUR-ch"]
[Site "Ankara"]
[Date "2002.07.27"]
[Round "7"]
[White "Azizoglu, Ayhan"]
[Black "Kucumenler, Tarkan"]
[Result "0-1"]
[WhiteElo "2003"]
[BlackElo "2077"]
[PlyCount "71"]
[EventDate "2002.07.24"]
[EventType "swiss"]
[EventRounds "11"]
[EventCountry "TUR"]
[SourceTitle "CBM 089 Extra"]
[Source "ChessBase"]
[SourceDate "2002.09.10"]
[SourceVersion "2"]
[SourceVersionDate "2002.09.10"]
[SourceQuality "1"]

1. e4 c5 2. Nf3 d6 3. d4 cxd4 4. Nxd4 Nf6 5. Nc3 a6 6. Be2 e5 7. Nb3 Be7 8. a4 Be6 9. Be3 Nbd7 10. 0-0 Rc8 11. a5 Rxc3 12. bxc3 Nxe4 13. Qe1 Qc7 14. Bf3 Nef6 15. Qd2 0-0 16. Rfb1 d5 17. g3 Rc8 18. Nc1 Nc5 19. Ne2 Nce4 20. Qc1 Bd7 21. c4 dxc4 22. Bg5 Bc6 23. Bxf6 Bxf6 24. Qe3 Bg5 25. Qxe4 Bxe4 26. Bxe4 Rb8 27. Rb6 Bd2 28. c3 Qc5 29. Bxb7 g6 30. Bxa6 Rxb6 31. axb6 Qxb6 32. Bxc4 Qc6 33. Bb3 Qf6 34. Ra7 Qg7 35. Bxf7+ Kf8 36. c4 0-1